000 00521nam a2200181Ia 4500
001 4497
005 20260306145800.0
008 260306t2008||||xx |||||||||||||| ||spa||
041 _aESP
082 _a323.4
_bI59A
100 _aInstituto Interamericano de Derechos Humanos
_eAUT
245 0 _aProtección internacional de los derechos económicos, sociales y culturales:
_bsistema universal y sistema interamericano
260 _c2008
300 _a
_c
650 _aGEN
654 _aCHU
942 _cLIB
_dJUS
_fJUS
_2ddc
_n
999 _c4497
_d4497